Datum a čas kvízu
18
Celkem bodů
Celkový počet nahraných bodů na tomto kvízu bez doplňovacích otázek.
3.
Pořadí na kvízu
Konečné umístění týmu na tomto kvízu.
Zaznamenané odpovědi
| # | Otázka | Odpověď | Body | Výsledky |
|---|---|---|---|---|
| 1. | Jak se jmenuje 59letý bývalý s... | Dominik Hašek | 1 | |
| 2. | Ve středu byl zveřejněn žebříč... | Finsko | 0 | |
| 3. | Streetartový umělec Banksy se... | strom | 0 | |
| 4. | Týmu lékařů z nemocnice v amer... | o ledvině | 0 | |
| 5. | Ester Ledecká si k sobotním n... | 29. narozeniny (28. a 30. za půl bodu) | 1 | |
| 6. | Toto literární téma vyhrálo mi... | Alchymista | 0 | |
| 7. | Dívka Fern jednoho dne pozoruj... | Šarlotina pavučinka, E. B. White | 0 | |
| 8. | Přiřaďte klasická díla ruské l... | 1D 2C 3B 4A | 1 | |
| 9. | Jedna z nejprodávanějších knih... | Anne Frank | 1 | |
| 10. | Na závěr se zaměříme na novějš... | Hvězdy nám nepřály | 1 |